[Event "Tata Steel-B 86th"]
[Site "Wijk aan Zee"]
[Date "2024.01.26"]
[Round "11"]
[White "Dardha, Daniel"]
[Black "Roebers, Eline"]
[Result "1-0"]
[WhiteElo "2602"]
[BlackElo "2381"]
[PlyCount "73"]
[EventDate "2024.01.13"]
[EventType "tourn"]
[EventRounds "13"]
[EventCountry "NED"]
[EventCategory "13"]
[SourceTitle "CB05_2024"]
[SourceDate "2024.01.31"]
[SourceVersion "1"]
[SourceVersionDate "2024.01.31"]
[SourceQuality "1"]

1. Nf3 Nf6 2. g3 g6 3. Bg2 Bg7 4. d4 0-0 5. 0-0 d6 6. c4 Nc6 7. Nc3 a6 8. Bf4 Rb8 9. Rc1 Bd7 10. Nd5 e6 11. Nxf6+ Qxf6 12. Bg5 Qf5 13. h4 h6 14. Be3 Rfe8 15. Qd2 Kh7 16. Rfd1 Rbd8 17. Nh2 e5 18. d5 Nd4 19. f3 Qf6 20. Bf2 Qe7 21. g4 f5 22. e3 Nxf3+ 23. Bxf3 e4 24. Bg2 f4 25. Bh3 h5 26. Kh1 f3 27. Bg3 Bf6 28. Qf2 Rg8 29. c5 g5 30. cxd6 cxd6 31. hxg5 Rxg5 32. Rc7 Rdg8 33. Bh4 R5g7 34. Rxd7 Bxh4 35. Rxe7 Bxf2 36. Rxe4 Bg3 37. gxh5 1-0

[Event "Tata Steel-B 86th"]
[Site "Wijk aan Zee"]
[Date "2024.01.13"]
[Round "1"]
[White "Roebers, Eline"]
[Black "Mendonca, Leon Luke"]
[Result "0-1"]
[WhiteElo "2381"]
[BlackElo "2608"]
[PlyCount "80"]
[EventDate "2024.01.13"]
[EventType "tourn"]
[EventRounds "13"]
[EventCountry "NED"]
[EventCategory "13"]
[SourceTitle "CB05_2024"]
[SourceDate "2024.01.31"]
[SourceVersion "1"]
[SourceVersionDate "2024.01.31"]
[SourceQuality "1"]

1. e4 c5 2. Nf3 d6 3. d4 cxd4 4. Nxd4 Nf6 5. Nc3 a6 6. Bg5 Nbd7 7. f4 Qc7 8. f5 b5 9. Qf3 Bb7 10. Bd3 g6 11. a4 b4 12. Nce2 Bg7 13. Ng3 d5 14. exd5 Nxd5 15. Qf2 0-0 16. 0-0 Ne5 17. Be2 Rad8 18. Rad1 Nc4 19. Bc1 Ndb6 20. Bxc4 Qxc4 21. Nge2 Nd5 22. Rd3 Nf6 23. Qh4 Nh5 24. Rfd1 Rd7 25. Bg5 Qc5 26. Be3 Qe5 27. Qf2 Nf6 28. Bf4 Qc5 29. c3 bxc3 30. bxc3 gxf5 31. Qh4 e5 32. Bh6 Ne8 33. Rh3 Bxh6 34. Qxh6 f6 35. Rdd3 f4 36. Rh5 Rg7 37. Nxf4 Qb6 38. Rg3 Qb1+ 39. Kf2 exf4 40. Rxg7+ Nxg7 0-1

[Event "EU-chT (Women) 24th"]
[Site "Budva"]
[Date "2023.11.19"]
[Round "8.7"]
[White "Kosteniuk, Alexandra"]
[Black "Roebers, Eline"]
[Result "1-0"]
[WhiteElo "2526"]
[BlackElo "2385"]
[PlyCount "141"]
[EventDate "2023.11.11"]
[EventType "team-swiss"]
[EventRounds "9"]
[EventCountry "MNE"]
[SourceTitle "CB47_2023"]
[SourceDate "2023.11.22"]
[SourceVersion "1"]
[SourceVersionDate "2023.11.22"]
[SourceQuality "1"]
[WhiteTeam "Switzerland (W)"]
[BlackTeam "Netherlands (W)"]
[WhiteTeamCountry "SUI"]
[BlackTeamCountry "NED"]

1. e4 e6 2. d4 d5 3. e5 c5 4. c3 Nc6 5. Nf3 Bd7 6. Be2 Nge7 7. Na3 cxd4 8. cxd4 Nf5 9. Nc2 Qb6 10. 0-0 Rc8 11. Kh1 Na5 12. Ne3 Nxe3 13. fxe3 Be7 14. Ne1 0-0 15. Nd3 Bb5 16. b3 Nc6 17. a3 a5 18. Rf3 f6 19. exf6 Rxf6 20. Rxf6 Bxf6 21. Bg4 Re8 22. Nf4 Nd8 23. a4 Bc6 24. Ra2 Qc7 25. Rf2 Qd6 26. Bb2 Nf7 27. Qd2 Bd8 28. Qc1 e5 29. Ba3 Qh6 30. Nh5 Bh4 31. g3 Bg5 32. Qf1 Qg6 33. Rf3 Bxe3 34. Bf5 Qxh5 35. Rxe3 e4 36. Bh3 Ng5 37. Bg2 Ne6 38. Qa1 Qh6 39. Qc3 Bd7 40. Re1 Rc8 41. Qxa5 Bc6 42. Rf1 g5 43. Qd2 Qg7 44. Rf5 Qxd4 45. Rxg5+ Kf7 46. Rf5+ Kg6 47. Qe2 Kxf5 48. Bb2 Qxb2 49. Bh3+ Kg6 50. Qxb2 Re8 51. Qe5 Ng7 52. Qd6+ Kf7 53. Kg1 e3 54. Kf1 e2+ 55. Ke1 Re4 56. Qc7+ Kg6 57. Bg2 Re6 58. Qd8 Nf5 59. Qg8+ Ng7 60. Qd8 Nf5 61. Bh3 Re4 62. Bxf5+ Kxf5 63. b4 d4 64. b5 Be8 65. Qd5+ Re5 66. Qxb7 Bg6 67. b6 d3 68. Qd7+ Ke4 69. b7 Bf5 70. Qc6+ Kd4 71. Qd6+ 1-0

[Event "FIDE Grand Swiss (Women)"]
[Site "Douglas"]
[Date "2023.11.03"]
[Round "9"]
[White "Terbe, Julianna"]
[Black "Roebers, Eline"]
[Result "1-0"]
[WhiteElo "2266"]
[BlackElo "2390"]
[PlyCount "85"]
[EventDate "2023.10.25"]
[EventType "swiss"]
[EventRounds "11"]
[EventCountry "IOM"]
[SourceTitle "Mega2024 Update 01"]
[Source "Chessbase"]
[SourceDate "2023.11.12"]
[SourceVersion "1"]
[SourceVersionDate "2023.11.12"]
[SourceQuality "1"]

1. d4 Nf6 2. Nf3 g6 3. Bf4 Bg7 4. e3 0-0 5. Be2 d6 6. h3 b6 7. 0-0 Bb7 8. a4 a5 9. Nbd2 Nbd7 10. c3 Qe8 11. Bh2 e5 12. Qb3 Qe7 13. dxe5 dxe5 14. Rad1 Rad8 15. Bc4 h6 16. Qc2 Kh7 17. e4 Nh5 18. Rfe1 Nc5 19. b4 axb4 20. cxb4 Na6 21. b5 Nc5 22. Ra1 Nf4 23. Nb3 Rd7 24. a5 Nxb3 25. Qxb3 bxa5 26. Rxa5 Qf6 27. Qe3 g5 28. Ra7 Rb8 29. h4 Kg8 30. hxg5 hxg5 31. Bg3 Qe7 32. Rc1 Bf6 33. Nh2 Rd4 34. Ng4 Kg7 35. f3 Qc5 36. Ra2 Rbd8 37. Bf1 Qb6 38. Bf2 Be7 39. Qc3 Qe6 40. Ra7 Rd1 41. Rxd1 Rxd1 42. Qc2 Rxf1+ 43. Kxf1 1-0

[Event "I'M Not A GM Gp-A"]
[Site "Chess.com INT"]
[Date "2023.10.12"]
[Round "1.1"]
[White "Arabidze, Meri"]
[Black "Roebers, Eline"]
[Result "1-0"]
[WhiteElo "2456"]
[BlackElo "2390"]
[PlyCount "49"]
[EventDate "2023.10.12"]
[EventType "tourn (blitz)"]
[EventRounds "4"]
[EventCountry "USA"]
[EventCategory "8"]
[SourceTitle "Mega2024 Update 01"]
[Source "Chessbase"]
[SourceDate "2023.11.12"]
[SourceVersion "1"]
[SourceVersionDate "2023.11.12"]
[SourceQuality "1"]

1. d4 f5 2. Nc3 Nf6 3. Bg5 d5 4. Bxf6 exf6 5. e3 Be6 6. Bd3 Qd7 7. Qf3 Nc6 8. a3 0-0-0 9. Nge2 g6 10. h3 h5 11. b4 Kb8 12. Nc1 Ne7 13. Nb3 Bf7 14. Nc5 Qe8 15. a4 Nc8 16. a5 c6 17. 0-0 a6 18. Qe2 Bd6 19. Bxa6 bxa6 20. Qxa6 Qe7 21. Qxc6 Bxc5 22. bxc5 Be8 23. Rfb1+ Ka7 24. Nb5+ Kb8 25. Nc7+ 1-0

[Event "I'M Not A GM Gp-A"]
[Site "Chess.com INT"]
[Date "2023.10.12"]
[Round "3.2"]
[White "Czerw, Dawid"]
[Black "Roebers, Eline"]
[Result "1-0"]
[WhiteElo "2400"]
[BlackElo "2390"]
[PlyCount "63"]
[EventDate "2023.10.12"]
[EventType "tourn (blitz)"]
[EventRounds "4"]
[EventCountry "USA"]
[EventCategory "8"]
[SourceTitle "Mega2024 Update 01"]
[Source "Chessbase"]
[SourceDate "2023.11.12"]
[SourceVersion "1"]
[SourceVersionDate "2023.11.12"]
[SourceQuality "1"]

1. e4 c5 2. Nf3 e6 3. d4 cxd4 4. Nxd4 Nf6 5. Nc3 Nc6 6. Be2 Qc7 7. 0-0 a6 8. Be3 Be7 9. f4 d6 10. Qe1 0-0 11. Qg3 Nxd4 12. Bxd4 b5 13. Bd3 Bb7 14. Rae1 b4 15. Nd1 Rfd8 16. Kh1 Ne8 17. Nf2 Bf6 18. Bxf6 Nxf6 19. e5 Nh5 20. Qg5 g6 21. Ng4 Qc5 22. Nh6+ Kg7 23. f5 Rd7 24. f6+ Kh8 25. Be2 Qxe5 26. Qxe5 dxe5 27. Bxh5 gxh5 28. Rxe5 Rd2 29. Nxf7+ Kg8 30. Nh6+ Kh8 31. Rg5 Rf8 32. f7 1-0

[Event "I'M Not A GM Gp-A"]
[Site "Chess.com INT"]
[Date "2023.10.12"]
[Round "1.4"]
[White "Roebers, Eline"]
[Black "Arabidze, Meri"]
[Result "0-1"]
[WhiteElo "2390"]
[BlackElo "2456"]
[PlyCount "76"]
[EventDate "2023.10.12"]
[EventType "tourn (blitz)"]
[EventRounds "4"]
[EventCountry "USA"]
[EventCategory "8"]
[SourceTitle "Mega2024 Update 01"]
[Source "Chessbase"]
[SourceDate "2023.11.12"]
[SourceVersion "1"]
[SourceVersionDate "2023.11.12"]
[SourceQuality "1"]

1. e4 c5 2. Nf3 e6 3. d4 cxd4 4. Nxd4 Nc6 5. Nc3 a6 6. Bf4 d6 7. Nxc6 bxc6 8. Qd2 e5 9. Be3 Nf6 10. Bc4 Be7 11. Bb3 0-0 12. f3 Be6 13. 0-0-0 a5 14. g4 Nd7 15. h4 Nb6 16. h5 a4 17. Bxb6 Qxb6 18. Nxa4 Qd8 19. Kb1 d5 20. exd5 cxd5 21. Qe3 Qb8 22. g5 d4 23. Qd2 Bb4 24. Qg2 Qb5 25. g6 Rxa4 26. Bxa4 Qxa4 27. gxh7+ Kh8 28. b3 Qa3 29. c4 dxc3 30. Qc2 g6 31. hxg6 fxg6 32. Rhe1 Bf5 33. Re4 Bc5 34. Qxc3 Bxe4+ 35. fxe4 Bd4 36. Qc2 Qb4 37. Rh1 Qb7 38. Qc4 Qxe4+ 0-1

[Event "Titled Tuesday intern op 12th Sep Early"]
[Site "Chess.com INT"]
[Date "2023.09.12"]
[Round "2"]
[White "Kanyamarala, Trisha"]
[Black "Roebers, Eline"]
[Result "1-0"]
[WhiteElo "2183"]
[BlackElo "2421"]
[PlyCount "111"]
[EventDate "2023.09.12"]
[EventType "swiss (blitz)"]
[EventRounds "11"]
[EventCountry "USA"]
[SourceTitle "EXT 2024"]
[Source "ChessBase"]
[SourceDate "2023.10.10"]
[SourceVersion "1"]
[SourceVersionDate "2023.10.10"]
[SourceQuality "1"]

1. c4 f5 2. Nc3 Nf6 3. g3 g6 4. Bg2 Bg7 5. Nf3 0-0 6. 0-0 d6 7. d4 Qe8 8. b3 Na6 9. Bb2 c6 10. Re1 Rb8 11. e4 fxe4 12. Nxe4 Nxe4 13. Rxe4 Bf5 14. Re1 b5 15. Bc3 bxc4 16. bxc4 Qf7 17. Qe2 Bg4 18. Ng5 Bxe2 19. Nxf7 Bxc4 20. Ng5 Bf6 21. Ne4 d5 22. Nxf6+ exf6 23. Re6 Rb6 24. a4 Nc7 25. Re7 Rf7 26. Re3 Kg7 27. Bh3 Rb8 28. Ba5 Ne8 29. Re6 Rfb7 30. Bg4 Rb1+ 31. Rxb1 Rxb1+ 32. Kg2 Bf1+ 33. Kf3 Rb3+ 34. Re3 Rxe3+ 35. Kxe3 Nd6 36. Bc7 Nc4+ 37. Kf4 f5 38. Bd1 Kf6 39. Bd8+ Kf7 40. h4 h6 41. f3 Bd3 42. g4 fxg4 43. fxg4 Ke6 44. a5 Nd6 45. Bc7 Nb5 46. Bb8 a6 47. Ke3 Be4 48. Be2 Bg2 49. Bf4 g5 50. hxg5 hxg5 51. Bxg5 Be4 52. Bf4 Bc2 53. g5 Bg6 54. Bg4+ Bf5 55. Bh5 Nc3 56. g6 1-0

[Event "EU-ch U18 31st"]
[Site "Mamaia"]
[Date "2023.09.08"]
[Round "4"]
[White "Roebers, Eline"]
[Black "Anciaux, Adrien"]
[Result "0-1"]
[WhiteElo "2421"]
[BlackElo "2238"]
[PlyCount "54"]
[EventDate "2023.09.05"]
[EventType "swiss"]
[EventRounds "9"]
[EventCountry "ROU"]
[SourceTitle "EXT 2024"]
[Source "ChessBase"]
[SourceDate "2023.10.10"]
[SourceVersion "1"]
[SourceVersionDate "2023.10.10"]
[SourceQuality "1"]

1. e4 e6 2. d4 d5 3. Nc3 Bb4 4. Nge2 dxe4 5. a3 Be7 6. Nxe4 Nf6 7. N2g3 0-0 8. c3 Nbd7 9. Bd3 e5 10. Nxf6+ Bxf6 11. d5 g6 12. h4 Bxh4 13. Qd2 Bxg3 14. fxg3 f5 15. Rxh7 Kxh7 16. Qh6+ Kg8 17. Qxg6+ Kh8 18. Bg5 Qe8 19. Qh6+ Kg8 20. Bc4 b5 21. Bxb5 Qf7 22. Bc4 Nb6 23. Ba2 Ba6 24. 0-0-0 Bc4 25. Rh1 Qg7 26. Qe6+ Rf7 27. Bh6 Qf6 0-1

[Event "Titled Tuesday intern op 29th Aug Late"]
[Site "Chess.com INT"]
[Date "2023.08.29"]
[Round "6"]
[White "Roebers, Eline"]
[Black "Esmeraldas Huachi, Anderson Yahir"]
[Result "0-1"]
[WhiteElo "2407"]
[BlackElo "2141"]
[PlyCount "70"]
[EventDate "2023.08.29"]
[EventType "swiss (blitz)"]
[EventRounds "11"]
[EventCountry "USA"]
[SourceTitle "EXT 2024"]
[Source "ChessBase"]
[SourceDate "2023.10.10"]
[SourceVersion "1"]
[SourceVersionDate "2023.10.10"]
[SourceQuality "1"]

1. f4 d5 2. Nf3 Nf6 3. g3 Bf5 4. Bg2 e6 5. d3 h6 6. 0-0 Be7 7. Qe1 0-0 8. h3 Bh7 9. Nbd2 c5 10. e4 Nc6 11. c3 dxe4 12. dxe4 Qd3 13. e5 Nd5 14. Rf2 Ne3 15. Rb1 Nxg2 16. Rxg2 Rfd8 17. Ra1 c4 18. Qf1 Bc5+ 19. Kh2 b5 20. Qxd3 Rxd3 21. a4 b4 22. Ne1 bxc3 23. bxc3 Rxc3 24. Bb2 Re3 25. Nxc4 Rb3 26. Rc1 Nb4 27. Nd6 Be3 28. Rc7 Bg6 29. Re2 Nd5 30. Rd7 Rab8 31. Ba1 Rb1 32. Bc3 Nxc3 33. Rxe3 R8b2+ 34. Kg1 Nd5 35. Rd8+ Kh7 0-1

[Event "Titled Tuesday intern op 22nd Aug Late"]
[Site "Chess.com INT"]
[Date "2023.08.22"]
[Round "8"]
[White "Nigalidze, Gaioz"]
[Black "Roebers, Eline"]
[Result "0-1"]
[WhiteElo "2421"]
[BlackElo "2407"]
[PlyCount "60"]
[EventDate "2023.08.22"]
[EventType "swiss (blitz)"]
[EventRounds "11"]
[EventCountry "USA"]
[SourceTitle "EXT 2024"]
[Source "ChessBase"]
[SourceDate "2023.10.10"]
[SourceVersion "1"]
[SourceVersionDate "2023.10.10"]
[SourceQuality "1"]

1. d4 f5 2. Nc3 Nf6 3. Bg5 d5 4. e3 e6 5. h4 c5 6. Bb5+ Nc6 7. Nf3 Bd6 8. a3 0-0 9. dxc5 Bxc5 10. Nd4 Bd7 11. Nxf5 h6 12. Nd4 hxg5 13. hxg5 Nxd4 14. exd4 Bxb5 15. dxc5 Bc6 16. gxf6 Qxf6 17. 0-0 d4 18. Ne2 e5 19. Ng3 e4 20. Qh5 Rae8 21. Rae1 Re5 22. Qh3 Qe7 23. Rd1 Qxc5 24. Rfe1 d3 25. Rd2 dxc2 26. Rc1 e3 27. Rdxc2 exf2+ 28. Kh2 Qd5 29. Rf1 Qd4 30. Nh5 Bd7 0-1

[Event "Titled Tuesday intern op 22nd Aug Late"]
[Site "Chess.com INT"]
[Date "2023.08.22"]
[Round "2"]
[White "Roebers, Eline"]
[Black "Asadli, Vugar Afgan Oglu"]
[Result "0-1"]
[WhiteElo "2407"]
[BlackElo "2563"]
[PlyCount "80"]
[EventDate "2023.08.22"]
[EventType "swiss (blitz)"]
[EventRounds "11"]
[EventCountry "USA"]
[SourceTitle "EXT 2024"]
[Source "ChessBase"]
[SourceDate "2023.10.10"]
[SourceVersion "1"]
[SourceVersionDate "2023.10.10"]
[SourceQuality "1"]

1. e4 c5 2. Nf3 e6 3. d4 cxd4 4. Nxd4 Nf6 5. Nc3 Nc6 6. Nxc6 bxc6 7. e5 Nd5 8. Ne4 Qc7 9. f4 Qb6 10. a3 f5 11. exf6 Nxf6 12. Nxf6+ gxf6 13. Qh5+ Kd8 14. Bd3 a5 15. Bd2 Bc5 16. 0-0-0 Bd4 17. b3 Qc5 18. Qxc5 Bxc5 19. Kb2 Bd4+ 20. Bc3 Bxc3+ 21. Kxc3 h5 22. Rhe1 Kc7 23. g3 d5 24. Re2 Kd6 25. Rde1 c5 26. Bb5 Ra7 27. Kd3 Rg7 28. c3 h4 29. Re3 hxg3 30. hxg3 Rh3 31. Rg1 e5 32. fxe5+ fxe5 33. b4 axb4 34. axb4 cxb4 35. cxb4 d4 36. Rf3 e4+ 37. Kxe4 Bb7+ 38. Kf4 Rf7+ 39. Kg4 Bxf3+ 40. Kxh3 Rh7# 0-1

[Event "Titled Tuesday intern op 22nd Aug Early"]
[Site "Chess.com INT"]
[Date "2023.08.22"]
[Round "1"]
[White "Roebers, Eline"]
[Black "Subervi Nunez, Jonathan Sigfredo"]
[Result "0-1"]
[WhiteElo "2407"]
[BlackElo "2047"]
[PlyCount "66"]
[EventDate "2023.08.22"]
[EventType "swiss (blitz)"]
[EventRounds "11"]
[EventCountry "USA"]
[SourceTitle "EXT 2024"]
[Source "ChessBase"]
[SourceDate "2023.10.10"]
[SourceVersion "1"]
[SourceVersionDate "2023.10.10"]
[SourceQuality "1"]

1. e4 e5 2. Nf3 Nf6 3. Nc3 Nc6 4. a3 Be7 5. d4 exd4 6. Nxd4 0-0 7. Bf4 d5 8. Ndb5 d4 9. Nd5 Nxd5 10. exd5 Qxd5 11. Be2 Qxg2 12. Bf3 Qh3 13. Nxc7 Bf5 14. Nxa8 Rxa8 15. Qe2 d3 16. Qe3 Bc5 17. Qxc5 Qxf3 18. Qe3 Qxh1+ 19. Kd2 Qxa1 20. cxd3 Rd8 21. d4 Qxb2+ 22. Ke1 Nxd4 23. Kf1 Qb1+ 24. Kg2 Be4+ 25. Kh3 Qf1+ 26. Kh4 Nf5+ 27. Kg5 Nxe3 28. Bxe3 Qg2+ 29. Kf4 Qf3+ 30. Kg5 Qf5+ 31. Kh4 g5+ 32. Kh5 Bf3+ 33. Kh6 Qg6# 0-1

[Event "Titled Tuesday intern op 15th Aug Early"]
[Site "Chess.com INT"]
[Date "2023.08.15"]
[Round "1"]
[White "Bolat, Inayat"]
[Black "Roebers, Eline"]
[Result "0-1"]
[WhiteElo "2097"]
[BlackElo "2407"]
[PlyCount "72"]
[EventDate "2023.08.15"]
[EventType "swiss (blitz)"]
[EventRounds "11"]
[EventCountry "USA"]
[SourceTitle "EXT 2024"]
[Source "ChessBase"]
[SourceDate "2023.10.10"]
[SourceVersion "1"]
[SourceVersionDate "2023.10.10"]
[SourceQuality "1"]

1. e4 c5 2. Nf3 e6 3. d4 cxd4 4. Nxd4 Nf6 5. Nc3 Nc6 6. a3 Be7 7. f4 d6 8. Nb3 0-0 9. Be3 a6 10. Qf3 Qc7 11. 0-0-0 b5 12. g4 Bb7 13. g5 Nd7 14. h4 b4 15. axb4 Nxb4 16. h5 Rfc8 17. Rh2 a5 18. g6 a4 19. gxf7+ Kf8 20. Nd4 a3 21. Nxe6+ Kxf7 22. Nxc7 Rxc7 23. Bd4 a2 24. Nxa2 Rxa2 25. Qb3+ d5 26. Bc3 Nc5 27. Qxb4 Ra1+ 28. Kd2 Nxe4+ 29. Ke3 Rxd1 30. Qb5 Bc5+ 31. Ke2 Ra1 32. Kf3 d4 33. Bc4+ Kf8 34. Kg4 Rg1+ 35. Kh3 Bc8+ 36. Kh4 Be7+ 0-1